[Event "DOM-ch"]
[Site "Santo Domingo"]
[Date "2022.02.26"]
[Round "7"]
[White "Sanchez Castillo, Jose Rafael"]
[Black "Montes de Oca Valerio, Alexis Valerio"]
[Result "1-0"]
[WhiteElo "2103"]
[BlackElo "2184"]
[PlyCount "79"]
[EventDate "2022.02.18"]
[EventType "swiss"]
[EventRounds "11"]
[EventCountry "DOM"]
[SourceTitle "EXT 2023"]
[Source "ChessBase"]
[SourceDate "2022.10.05"]
[SourceVersion "1"]
[SourceVersionDate "2022.10.05"]
[SourceQuality "1"]

1. e4 e5 2. Nf3 Nc6 3. Bb5 a6 4. Ba4 d6 5. 0-0 Bd7 6. c3 g6 7. d4 Bg7 8. Re1 Nf6 9. Nbd2 0-0 10. h3 Qe8 11. Bc2 Nh5 12. Nf1 h6 13. Ne3 Qd8 14. Nd5 Ne7 15. dxe5 dxe5 16. Be3 Nxd5 17. exd5 f5 18. d6 Bc6 19. dxc7 Qxc7 20. Nh4 Rad8 21. Qe2 Bb5 22. Bb3+ Kh7 23. c4 Bc6 24. Rad1 Qe7 25. Rxd8 Rxd8 26. Nxf5 gxf5 27. Qxh5 Qf6 28. Bc2 e4 29. Bc1 Rg8 30. Rd1 Bf8 31. Bf4 Bc5 32. b3 Be8 33. Qe2 Qh4 34. Bh2 Qxh3 35. Bxe4 Bh5 36. Rd7+ Kg6 37. Bf3 Bxf3 38. Qe6+ Kh5 39. Qxg8 Qh4 40. Qe8+ 1-0